| 000 | 00757cab a22002055a 4500 | ||
|---|---|---|---|
| 001 | L159839 | ||
| 008 | 150113e2017 xxk 000 0 eng d | ||
| 035 | _a(Sirsi) u159839 | ||
| 041 | 0 | _aeng | |
| 100 | 1 | _aWalker, Anthony | |
| 245 | 0 | 0 |
_aPositive disruption _h[electronic resource] |
| 260 |
_aLondon _bRICS _c2017 |
||
| 490 |
_aRICS Building Surveying Journal _vOctober - November 2017, 16-17(2) |
||
| 520 | _aShows how property technology can help building surveyors add value and face the future. | ||
| 650 | 2 | 4 | _aPROPERTY TECHNOLOGY |
| 650 | 2 | 4 | _aEMERGING TECHNOLOGIES |
| 651 | 4 |
_aUnited Kingdom _y |
|
| 856 | 4 | 0 |
_uhttps://issuu.com/ricsmodus/docs/building_surveying_journal_october__45ef6cafff2b21 _yAvailable free online via Issuu |
| 942 |
_n0 _2ddc |
||
| 999 |
_c85005 _d85005 |
||